PSYCHOLOGIA: IN USUM SCHOLARUM/

INDICE

Bewaard in:
Bibliografische gegevens
Hoofdauteur: Esser, Gerardo (autor)
Formaat: Boek
Onderwerpen:
Tags: Voeg label toe
Geen labels, Wees de eerste die dit record labelt!

MARC

LEADER 00000nam^a2200000^a^4500
001 000216946
005 20250521000000.0
009 20260310103705.758
035 |a 013381 
037 |a Acervo Xavier Clavigero 
082 |a 150.  |b ESS 
100 |a Esser, Gerardo  |e (autor) 
245 1 0 |a PSYCHOLOGIA:  |b IN USUM SCHOLARUM/  |c GERARD ESSER 
264 |a TECHNY, ILLINOIS :  |b TYPIS DOMUS MISSIONUM AD ST. MARIAM,  |c 1945 
300 |a 499p. 
336 |a texto  |b txt  |2 rdacontenido 
337 |a sin mediación  |b n  |2 rdamedio 
338 |a volumen  |b nc  |2 rdasoporte 
520 |a INDICE 
649 |a XX 
650 |a PSICOLOGIA 
910 |a Fondo General 
920 |a Impresos - Libros 
930 |a Colección General 
905 |a 101 
901 |a 013381  |b IT1  |c ACC  |i 013381  |u 20250521 
902 |a https://opac.biblio.iteso.mx/vufind/Record/000216946